Berühmte Persönlichkeiten 1 - Statistiken

Allgemein
  • Dieses Quiz wurde 456 mal gespielt
  • Das Durchschnittsergebnis liegt bei 4 aus 15
Antwortstatistiken
Beschreibung Person % Korrekt
geboren in Ulm, Physiker, Relativitätstheorie Albert Einstein
96%
Formel1-Fahrer, siebenfacher Weltmeister, McLaren, Mercedes Lewis Hamilton
73%
Schauspielerin, feierte ihren Durchbruch mit dem Film "Titanic" von James Cameron, wurde 1998 für den Oscar als beste Hauptdarstellerin nominiert Kate Winslet
43%
Modedesigner, Gründer eines italienischen Modeunternehmens, welches Luxusgüter vertreibt, wurde in Miami Beach vor dem Eingang seiner Villa erschossen Gianni Versace
34%
erfolgreichste Skirennläuferin der Weltcupgeschichte, Olympiasiegerin, führte eine Beziehung mit dem erfolgreichsten Profi-Golfer der Geschichte Lindsey Vonn
32%
Virologe, wurde durch die SARS-CoV-2-Pandemie insbesondere im deutschsprachigen Raum einem breiteren Publikum bekannt, war Mitentdecker von SARS-CoV-1 im Jahre 2003 Christian Drosten
30%
Vertreterin des Marxismus und proletarischen Internationalismus, Nachname ident mit einem europäischen Staat, Mitgründerin der Kommunistischen Partei Deutschlands (KPD) Rosa Luxemburg
30%
australischer Abenteurer, arbeitete mit Schlangen und Krokodilen, starb, als ein Stachelrochen ihm ins Herz stach Steve Irwin
23%
Politikerin und Juristin, lt. "Forbes" eine der mächtigsten Frauen weltweit, aktuell Präsidentin der Europäischen Zentralbank (EZB) Christine Lagarde
21%
US-amerikanische Politikerin der "Demokratischen Partei", Sprecherin des Repräsentantenhauses der USA, Unterstützerin Barack Obamas, zerriss bei einer Rede Donald Trumps im Kongress vor laufender Kamera das ihr vorliegende Redemanuskript Nancy Pelosi
15%
Hip-Hop-Musiker, Modelinie: "Team Platin", Künstlername hat Ähnlichkeit mit der Bezeichnung organisierter krimineller Familien-Clans in Neapel und der Region Kampanien RAF Camora
12%
Tennisspieler, aktuell auf Rang 15 der Weltrangliste, höchste Platzierung: Rang 3, größter Erfolg: Gewinn der US Open 2020 im Einzel Dominic Thiem
11%
Kinderrechtsaktivistin, jüngste Friedensnobelpreisträgerin in der Geschichte, lebte einst in Pakistan, überlebte einen Anschlag der islamistischen Terrororganisation "Taliban" Malala Yousafzai
8%
Kinder- und Jugendbuchautor, bekannteste Buchreihe: "Die Knickerbocker-Bande", Tom Turbo Thomas Brezina
8%
renommierter Mathematiker, studierte in Oxford und Cambridge, bewies 1994 den Großen Fermatschen Satz Andrew Wiles
2%
Keine übereinstimmenden Quizze gefunden
Verteilung der Resultate
Anzahl Personen mit jedem Resultat
Perzentil nach korrekt beantworteten Fragen
Ihre Resultats-Entwicklung
Sie haben dieses Quiz noch nicht gespielt